00436 2200169 4500001002100000005001500021035002000036007000300056008004100059020002200100082001100122084001700133100001500150245003300165260003100198300003700229INLIS00000000000033220260119015923 a0010-0126000025ta260119 0 ind  a978-623-180-692-5 a657.48 a657.48 HAR a0 aHarti, dwi1 aAkuntansi Keuangan Kelas XII aJakarta :bErlangga,c2023 aviii + 245 hlm. ;c17,5 x 25 cm.